• 首页
  • 本馆介绍
  • 公告通知
  • 最新文献
  • 馆藏检索
  • 电子资源
  • 读者导购
  • 参考咨询
  • 我的图书馆
  • 登录
  • 详细信息显示
  • 放入我的书架
  • 预约/预借图书
  • 作者相关作品
  • 分类相关作品
  • 丛书相关作品
  • 出版社相关作品

书目信息

  • 表格格式
  • 工作单格式
  • 卡片格式
题名:
重大事件对大都市旅游发展的影响研究
    
 
作者: 王朝辉 , 陆林 著
分册:  
出版信息: 北京   科学出版社  2013
页数: 404页
开本: 26cm
丛书名:
单 册:
中图分类: F592.751 , G245
科图分类:
主题词: 博览会--影响--城市旅游--旅游业发展--研究--上海 , 博览会 , 城市旅游 , 旅游业发展
电子资源:
ISBN: 978-7-03-039526-9
000 01362nam0 2200301 450
001 523
005 20140909095002.57
010    @a978-7-03-039526-9@dCNY128.00
100    @a20140429d2013 em y0chiy50 ea
101 0  @achi
102    @aCN@b110000
105    @aa z 000yy
106    @ar
200 1  @a重大事件对大都市旅游发展的影响研究@AZhong Da Shi Jian Dui Da Dou Shi Lu^ You Fa Zhan De Ying Xiang Yan Jiu@e2010上海世博会为例@E2010 Shang Hai Shi Bo Hui Wei Li@f王朝辉,陆林著@FWang Chao Hui, Lu Lin Zhu
210    @a北京@c科学出版社@d2013
215    @a404页@c图@d26cm
300    @a国家自然科学基金面上项目、国家自然科学基金重点项目、安徽省地方高水平大学振兴计划项目联合资助
330    @a本书以上海世博会这一典型重大事件为例,充分借鉴前人的研究成果,采用多学科的理论方法,在分析2010上海世博会重大事件属性及其市场特征的基础上,侧重于从中微观视角,从重大事件对旅游目的地形象影响、对旅游市场影响、对旅游产业布局影响、对旅游产业经营影响以及经济影响等五个方面,开展重大事件对举办地旅游发展影响效应研究。
606 0  @a博览会@x影响@x城市旅游@x旅游业发展@x研究@y上海
606 0  @a博览会
606 0  @a城市旅游
606 0  @a旅游业发展
690    @aF592.751@v5
690    @aG245@v5
701  0 @a王朝辉@AWang Chao Hui@c(旅游管理)@4著
701  0 @a陆林@ALu Lin@f(1962~)@4著
801  0 @aCN@bTANGWEI@c20140603
905    @b0840238-39@dF592.751@e425@f2
    
    重大事件对大都市旅游发展的影响研究:2010上海世博会为例/王朝辉,陆林著.-北京:科学出版社,2013
    404页:图;26cm
    国家自然科学基金面上项目、国家自然科学基金重点项目、安徽省地方高水平大学振兴计划项目联合资助
    
    ISBN 978-7-03-039526-9:CNY128.00
    本书以上海世博会这一典型重大事件为例,充分借鉴前人的研究成果,采用多学科的理论方法,在分析2010上海世博会重大事件属性及其市场特征的基础上,侧重于从中微观视角,从重大事件对旅游目的地形象影响、对旅游市场影响、对旅游产业布局影响、对旅游产业经营影响以及经济影响等五个方面,开展重大事件对举办地旅游发展影响效应研究。
●
相关链接 在E读中查询图书 在五车中查询图书 在当当中查询图书 在豆瓣中查询图书


正题名:重大事件对大都市旅游发展的影响研究     索取号:F592.751/425         预约/预借

序号 登录号 条形码 馆藏地/架位号 状态 备注
1 0840238   208402389   第一样本阅览室/ [索取号:F592.751/425] 在馆    
2 0840239   208402398   第一借阅区/ [索取号:F592.751/425] 在馆    
唐山师范学院图书馆 欢迎您!
大连网信软件有限公司© 版权所有